banner koha

Avaliação clínica de ovinos após a ingestão de elevada quantidade de manga (Registro n. 300549)

MARC details
000 -LÍDER
fixed length control field 04178nab a2200385 i 4500
003 - CÓDIGO MARC DA AGÊNCIA CATALOGADORA
Campo de controle BR-BrBNA
005 - DATA E HORA DA ÚLTIMA ATUALIZAÇÃO
Campo de controle 20240716142039.0
008 - CAMPO DE TAMANHO FIXO
fixed length control field 240716b2017 bl.|r|pooa||| 00| 0 por |
040 ## - FONTE DA CATALOGAÇÃO
Agência catalogadora BR-BrBNA
Idioma da catalogação por
072 ## - CATEGORIA AGRIS
Código AGRIS L51
Código do objeto 5240
072 ## - CATEGORIA AGRIS
Código AGRIS L02
100 ## - ENTRADA PRINCIPAL - NOME PESSOAL
Nome pessoal Soares, G.W.N.
100 ## - ENTRADA PRINCIPAL - NOME PESSOAL
Nome pessoal Lima, P.R.
100 ## - ENTRADA PRINCIPAL - NOME PESSOAL
Nome pessoal Oliveira, A.S.
100 ## - ENTRADA PRINCIPAL - NOME PESSOAL
Nome pessoal Lucena, A.R.F.
100 ## - ENTRADA PRINCIPAL - NOME PESSOAL
Nome pessoal Silva Nascimento, J.C.
100 ## - ENTRADA PRINCIPAL - NOME PESSOAL
Nome pessoal Matos, J.C.
100 ## - ENTRADA PRINCIPAL - NOME PESSOAL
Nome pessoal Amorim, J.R.
100 ## - ENTRADA PRINCIPAL - NOME PESSOAL
Nome pessoal Menezes, D.R.
100 ## - ENTRADA PRINCIPAL - NOME PESSOAL
Nome pessoal Antonelli, A.C.
245 ## - TÍTULO PRINCIPAL
Título principal Avaliação clínica de ovinos após a ingestão de elevada quantidade de manga
500 ## - NOTA GERAL
Nota geral Publicação online; 31 ref; 2 illus.; Summaries (En, Pt)
942 ## - ADDED ENTRY ELEMENTS (KOHA)
Koha item type
520 ## - NOTA DE RESUMO
Nota de conteúdo <br/><br/>RESUMO - Objetivou-se avaliar clinicamente os efeitos da administração intrarruminal de duas quantidades distintas e manga em ovinos. Foram utilizados sete ovinos machos, hígidos, que não receberam carboidratos não fibrosos por, pelo menos, seis meses previamente ao período experimental, quando se avaliou pH ruminal, total de protozoários no suco de rúmen, pH urinário, pH sanguíneo estimado e parâmetros vitais nos tempos zero, 12, 16, 20 e 24 após a administração da manga. Os sete ovinos foram distribuídos aleatoriamente em dois grupos e receberam 0,625% ou 1,875% da MS de manga/kg/PV (M1 e M2, respectivamente), distribuídos em delineamento cross-over, com uma parcela perdida, e 30 dias de washout. Os ovinos M2 apresentaram valores médios para pH ruminal significativamente inferiores a M1 a partir do tempo T12 (5,1 e 6,9, respectivamente), o que indica ocorrência de acidose ruminal. Os animais tratados com M1 não apresentaram alterações sistêmicas, ao passo que os ovinos tratados com M2 apresentaram acidose metabólica leve, detectada por meio do pH urinário ácido (4,8). A ingestão apenas de manga in natura na quantidade de 1,875% da MS de manga/kg/PV mostrou-se capaz de provocar acidose ruminal em ovinos, levando-os a: ligeira depressão, aumento da frequência cardíaca, diminuição dos movimentos ruminais e diarreia em alguns casos.<br/><br/><br/>Palavras-chave: acidose, rúmen, manga, pequenos ruminantes
520 ## - NOTA DE RESUMO
Nota de conteúdo <br/><br/>ABSTRACT - The aim of this study is to clinically evaluate the effects of intra ruminal administration of two different amounts of mango in sheep. The sample was of seven male healthy sheep, which did not receive nonfibrous carbohydrates for at least six months prior to the trial. Rumen fluid pH, total of protozoa in the rumen fluid, urine pH, estimated blood pH, and vital parameters were evaluated at the following times: zero, 12, 16, 20 and 24 hours after administration of the mango. The seven sheep were randomly divided into two groups and received either 0.625% or 1.875% of the dry matter of the pulp and mango peel per kg body weight (M1 and M2, respectively), distributed in cross-over design with a lost portion and 30 days washout. Sheep treated with M2 showed significantly lower average values for ruminal pH than the M1 since T12 (5.1 and 6.9, respectively), indicating the occurrence of ruminal acidosis. The animals treated with M1 showed no systemic changes, while the sheep treated with M2 had mild metabolic acidosis, detected through the lower urinary pH (4.8). The in natura mango ingestion in the amount of 1.875% of the dry matter of mango per kg of body weight proved to provoke rumen acidosis in sheep, leading these animals to: slight depression, rise in heart rate, diminished rumen movement, and diarrhea in some cases.<br/><br/><br/>Keywords: acidosis, rumen, mango, small ruminants
650 ## - ASSUNTO - THESAGRO
Cabeçalho tópico ou nome geográfico OVINO
650 ## - ASSUNTO - THESAGRO
Cabeçalho tópico ou nome geográfico NUTRIÇÃO ANIMAL
650 ## - ASSUNTO - THESAGRO
Cabeçalho tópico ou nome geográfico ALIMENTO ALTERNATIVO
650 ## - ASSUNTO - THESAGRO
Cabeçalho tópico ou nome geográfico MANGA
650 ## - ASSUNTO - THESAGRO
Cabeçalho tópico ou nome geográfico RÚMEN
650 ## - ASSUNTO - THESAGRO
Cabeçalho tópico ou nome geográfico FISIOLOGIA ANIMAL
773 0# - ENTRADA ANALÍTICA
Host Biblionumber 1643
Registro do item 316243
Imprenta Belo Horizonte-MG Universidade Federal de Minas Gerais - Escola de Veterinaria 1983
Outro identificador 2024-2644
Título Arquivo Brasileiro de Medicina Veterinária e Zootecnia (Brazil)
ISSN 0102-0935
Colação v. 69(5) p. 1155-1162; (2017)
Número de controle de registro BR2024002191
856 ## - ACESSO E ENDEREÇO ELETRÔNICO
Identificador uniforme de recurso - URI https://www.scielo.br/j/abmvz/a/4svLnDfF5YS7ncN5HN8SnYM/?format=pdf&lang=pt

Nenhum exemplar disponível.

BINAGRI

Telefone: (61)3218-2567/2388/3357/2097 - binagri@agro.gov.br

Ministério da Agricultura e Pecuária , Esplanada dos Ministérios, Bloco D, Anexo B, Brasília/DF, CEP: 70.043-900